Vẽ mĩ thuật : Sách dùng cho sinh viên học ngành kiến trúc
Nội dung tài liệu bao gồm: Khái niệm chung; Vẽ mĩ thuật bằng bút chì; Vẽ bằng màu bột và màu nước; Các bài tập thực hành
Gorde:
| Egile nagusia: | |
|---|---|
| Formatua: | Liburua |
| Hizkuntza: | Vietnamese |
| Argitaratua: |
H.
Xây dựng
2014
|
| Edizioa: | Tái bản |
| Gaiak: | |
| Etiketak: |
Etiketa erantsi
Etiketarik gabe, Izan zaitez lehena erregistro honi etiketa jartzen!
|
| Thư viện lưu trữ: | Thư viện Trường Đại học Nam Cần Thơ |
|---|
| LEADER | 01103nam a22002177a 4500 | ||
|---|---|---|---|
| 001 | NCT_38081 | ||
| 008 | 180601b xxu||||| |||| 00| 0 vie d | ||
| 999 | |c 1838 |d 1838 | ||
| 020 | |c 57000 | ||
| 082 | 0 | 4 | |2 23rd ed. |a 700 |b L103 |
| 100 | 1 | |a Lê Đức Lai | |
| 245 | 1 | 0 | |a Vẽ mĩ thuật : |b Sách dùng cho sinh viên học ngành kiến trúc |c Lê Đức Lai |
| 250 | |a Tái bản | ||
| 260 | |a H. |b Xây dựng |c 2014 | ||
| 300 | |a 121tr. |b Minh họa |c 27cm | ||
| 520 | 3 | |a Nội dung tài liệu bao gồm: Khái niệm chung; Vẽ mĩ thuật bằng bút chì; Vẽ bằng màu bột và màu nước; Các bài tập thực hành | |
| 653 | |a Kiến trúc | ||
| 942 | |2 ddc |c BK | ||
| 952 | |0 0 |1 0 |2 ddc |4 0 |6 700_000000000000000_L103 |7 0 |9 9220 |a 000001 |b 000001 |d 2018-06-01 |l 1 |o 700 L103 |p MD.11306 |r 2018-10-13 |s 2018-09-21 |v 57000.00 |w 2018-06-01 |y BK | ||
| 952 | |0 0 |1 0 |2 ddc |4 0 |6 700_000000000000000_L103 |7 0 |9 9221 |a 000001 |b 000001 |d 2018-06-01 |o 700 L103 |p MD.11307 |r 2018-06-01 |v 57000.00 |w 2018-06-01 |y BK | ||
| 980 | |a Thư viện Trường Đại học Nam Cần Thơ | ||